LDR 00930nam a2200241 i 4500 001 000000174763 003 CaOOAMICUS 005 20260520110217.0 008 081006s2006 it u000 u ita u 013 $a152239 020 $a88-7016-638-4 040 $aSeMil$bita 245 13$aLa storia e il regno di Dio /$cPaul Tillich. 300 $a160 p. ;$c22 cm 490 0 $aSola Scriptura : nuovi studi teologici ;$v20 773 0 $aTillich, Paul Johannes <1886-1965>$tTeologia sistematica.$dTorino : Claudiana, 1996-2006.$kSola Scriptura$g4$w()1630 830 0$aSola Scriptura ;$v20.$0(OLS)http://semarc/title/9376 850 $aSeMil 852 $aSeMil$W1$xVenegono$y1$m2B III 637$j272292$B125591$CSeMilBibl$Z2$F136531 $81 961 $aAcquisto: DEA
996 $6020$a88-7016-638-4$9(OLS)http://semarc/number/162743 996 $6245$aLa storia e il regno di Dio$9(OLS)http://semarc/title/250536